El Príncipe idiota / (Registro nro. 127226)

Detalles MARC
000 -LEADER
fixed length control field 00567cam a2200193 4500
008 - FIXED-LENGTH DATA ELEMENTS--GENERAL INFORMATION
fixed length control field spa
050 #4 - LIBRARY OF CONGRESS CALL NUMBER
Classification number PG3327
Item number .E8 .P76 D67
100 1# - MAIN ENTRY--PERSONAL NAME
Personal name Dostoyuski, Fedor
245 #3 - TITLE STATEMENT
Title El Príncipe idiota /
Statement of responsibility, etc Fedor Dostoyuski ; tr. de Pedro Pedraza y Paez.
260 ## - PUBLICATION, DISTRIBUTION, ETC. (IMPRINT)
Place of publication, distribution, etc Barcelona :
-- amón Sopena
300 ## - PHYSICAL DESCRIPTION
Extent 245 p. ;
Dimensions 24 cm.
440 #0 - SERIES STATEMENT/ADDED ENTRY--TITLE
Title Biblioteca de Grandes Novelas
500 ## - GENERAL NOTE
General note 1 Ejemplar
650 #4 - SUBJECT ADDED ENTRY--TOPICAL TERM
Topical term or geographic name as entry element Literatura Rusa
700 1# - ADDED ENTRY--PERSONAL NAME
Personal name Pedraza y Paez, Pedro,
Relator term tr.
942 ## - ADDED ENTRY ELEMENTS (KOHA)
Source of classification or shelving scheme Biblioteca del Cogreso de los Estados Unidos
Koha item type Libro
Existencias
Estado de pérdida Fuente de clasificación Estado del daño No para préstamo Ubicación permanente Ubicación actual Apartado o colección Fecha de adquisición Edición Área del conocimiento Clasificación Código de Barras Date last seen Número de copia Tipo de recurso
  Biblioteca del Cogreso de los Estados Unidos     Biblioteca de la Facultad de Filosofía Biblioteca de la Facultad de Filosofía General 16/02/2017 1a. ed. Educación y Humanidades PG3327.E8 .P76 D67 BFF000023745 16/02/2017 C:1 Libro